000
00407nam a2200133Ia 4500
008
100328s9999 xx 000 0 und d
082
_b
57756
100
_a
घाटे निरंजन
245
_a
सफर हॉलिवूडची
260
_b
प्राजक्ता
630
_a
सफर हॉलिवूडची
730
_a
सफर हॉलिवूडची
942
_c
BOOK
999
_c
544179
_d
544176